[Event "Bogota Navidad op"]
[Site "Bogota"]
[Date "2016.12.08"]
[Round "3"]
[White "Aldana, Boris Eugenio"]
[Black "Solorzano Roldan, Orlando"]
[Result "1-0"]
[WhiteElo "1678"]
[BlackElo "1492"]
[PlyCount "32"]
[EventDate "2016.12.07"]
[EventType "swiss"]
[EventRounds "9"]
[EventCountry "COL"]
[SourceTitle "CBM 176 Extra"]
[Source "ChessBase"]
[SourceDate "2017.03.02"]
[SourceVersion "1"]
[SourceVersionDate "2017.03.02"]
[SourceQuality "1"]

1. d4 Nf6 2. Nf3 g6 3. Nc3 Bg7 4. e4 d6 5. h3 Nbd7 6. Be3 b6 7. e5 dxe5 8. dxe5 Ng8 9. Qd5 Rb8 10. 0-0-0 e6 11. Qe4 Ne7 12. Bg5 0-0 13. Qh4 f6 14. exf6 Bxf6 15. Bxf6 Rxf6 16. Ne4 Rf8 1-0

[Event "Bogota Distrital-ch 77th"]
[Site "Bogota"]
[Date "2015.04.30"]
[Round "1"]
[White "Aldana, Boris Eugenio"]
[Black "Manrique, Fernando"]
[Result "0-1"]
[WhiteElo "1653"]
[BlackElo "1974"]
[PlyCount "72"]
[EventDate "2015.04.30"]
[EventType "swiss"]
[EventRounds "7"]
[EventCountry "COL"]
[SourceTitle "CBM 166 Extra"]
[Source "ChessBase"]
[SourceDate "2015.06.18"]
[SourceVersion "1"]
[SourceVersionDate "2015.06.18"]
[SourceQuality "1"]

1. d4 d5 2. Nf3 Nf6 3. Bf4 c5 4. e3 Nc6 5. c3 Qb6 6. Qc2 Bg4 7. Nbd2 e6 8. b3 Nh5 9. Bg3 Nxg3 10. hxg3 Bf5 11. Bd3 Bxd3 12. Qxd3 cxd4 13. exd4 h6 14. Rc1 Be7 15. c4 Qa5 16. Ra1 dxc4 17. bxc4 Rd8 18. 0-0 0-0 19. Rfb1 Bf6 20. Rb5 Qc7 21. Nb3 g6 22. c5 Rd5 23. Qe3 Kg7 24. Rb1 Rfd8 25. a4 R8d7 26. Kh2 Nxd4 27. Nfxd4 Bxd4 28. Nxd4 Rxd4 29. Qc3 Kh7 30. Rxb7 Rh4+ 31. Kg1 Qxb7 32. Rc1 Qb4 33. gxh4 Rd1+ 34. Kh2 Qxh4+ 35. Qh3 Qxh3+ 36. Kxh3 Rxc1 0-1

[Event "Bogota University op 7th"]
[Site "Bogota"]
[Date "2013.10.12"]
[Round "6"]
[White "Aldana, Boris Eugenio"]
[Black "Puentes, Gabriel Francisco"]
[Result "0-1"]
[WhiteElo "1609"]
[BlackElo "1891"]
[PlyCount "66"]
[EventDate "2013.10.10"]
[EventType "swiss"]
[EventRounds "9"]
[EventCountry "COL"]
[SourceTitle "CBM 156 Extra"]
[Source "ChessBase"]
[SourceDate "2013.10.22"]
[SourceVersion "1"]
[SourceVersionDate "2013.10.22"]
[SourceQuality "1"]

1. d4 Nf6 2. Nf3 g6 3. Nc3 d5 4. Bf4 Bg7 5. e3 0-0 6. Bd3 c6 7. Ne5 Nbd7 8. Ne2 Nxe5 9. Bxe5 Nd7 10. Bxg7 Kxg7 11. Ng3 e5 12. dxe5 Nxe5 13. Be2 c5 14. c3 Be6 15. 0-0 h5 16. Qc2 h4 17. Nh1 h3 18. g3 Bg4 19. f3 Bf5 20. Qb3 Qd7 21. Nf2 c4 22. Qd1 Qb5 23. Qd4 f6 24. Qd2 Bd3 25. Nxd3 Nxd3 26. a4 Qb6 27. Bxd3 cxd3 28. Qxd3 Qxb2 29. Rf2 Qxa1+ 30. Rf1 Qa2 31. Rf2 Qc4 32. Qd2 Rfd8 33. a5 Rac8 0-1

[Event "Bogota McGregor op 3rd"]
[Site "Bogota"]
[Date "2012.12.12"]
[Round "2"]
[White "Abril Guiza, Mauricio"]
[Black "Aldana, Boris Eugenio"]
[Result "1-0"]
[WhiteElo "1975"]
[BlackElo "1636"]
[PlyCount "95"]
[EventDate "2012.12.12"]
[EventType "swiss"]
[EventRounds "9"]
[EventCountry "COL"]
[SourceTitle "EXT 2014"]
[Source "ChessBase"]
[SourceDate "2013.11.20"]
[SourceVersion "1"]
[SourceVersionDate "2013.11.20"]
[SourceQuality "1"]

1. Nf3 c5 2. c4 d6 3. g3 Bd7 4. Bg2 Bc6 5. Nc3 Nf6 6. 0-0 g6 7. b3 Bg7 8. Bb2 Nbd7 9. Qc2 0-0 10. e4 Ne5 11. Nh4 e6 12. f4 Ned7 13. Rae1 a6 14. Nf3 b6 15. d4 cxd4 16. Nxd4 Bb7 17. Rd1 Qc7 18. f5 exf5 19. exf5 Bxg2 20. Qxg2 Ng4 21. Nd5 Qc5 22. h3 Nge5 23. Kh1 b5 24. cxb5 axb5 25. Rc1 Qa7 26. a3 Qb8 27. Rc7 Nc5 28. f6 Bh6 29. b4 Ncd3 30. Rb7 Qd8 31. Rxb5 Rc8 32. Ba1 Re8 33. Rb7 Rc4 34. Ne7+ Kh8 35. Qd5 Bg5 36. Ndc6 Rxc6 37. Nxc6 Qc8 38. g4 Qxb7 39. b5 Qd7 40. Ne7 Be3 41. Rf3 Qc7 42. Rf1 Qc2 43. Bxe5 Nxe5 44. Qg2 Qb3 45. Qe2 Qd5+ 46. Nxd5 Rd8 47. Qxe3 Kg8 48. Qh6 1-0

[Event "Bogota Humana op"]
[Site "Bogota"]
[Date "2012.12.06"]
[Round "2"]
[White "Aldana, Boris Eugenio"]
[Black "Corredor Castellanos, Camilo"]
[Result "0-1"]
[WhiteElo "1636"]
[BlackElo "1857"]
[PlyCount "114"]
[EventDate "2012.12.05"]
[EventType "swiss"]
[EventRounds "9"]
[EventCountry "COL"]
[SourceTitle "EXT 2014"]
[Source "ChessBase"]
[SourceDate "2013.11.20"]
[SourceVersion "1"]
[SourceVersionDate "2013.11.20"]
[SourceQuality "1"]

1. d4 d5 2. Nf3 Nf6 3. e3 e6 4. Bd3 c6 5. 0-0 Nbd7 6. Nbd2 Be7 7. Re1 0-0 8. e4 dxe4 9. Nxe4 Nxe4 10. Bxe4 Nf6 11. Bd3 c5 12. dxc5 Bxc5 13. Bg5 Qb6 14. Bxf6 Bxf2+ 15. Kh1 gxf6 16. Rf1 Be3 17. Qe2 Bh6 18. b3 Bg7 19. Nh4 Qd4 20. Qh5 f5 21. Rad1 Qg4 22. Be2 Qxh5 23. Bxh5 Bf6 24. Nf3 b6 25. Rfe1 Bb7 26. Rd7 Be4 27. c4 a5 28. Red1 a4 29. R1d6 axb3 30. axb3 Ra1+ 31. Ng1 Bd5 32. cxd5 Bd4 33. h3 Rxg1+ 34. Kh2 Re1 35. Rc6 f4 36. h4 f5 37. dxe6 Bg1+ 38. Kh3 Bf2 39. Rd1 Re3+ 40. Bf3 Re8 41. b4 Kf8 42. Rd5 Re1 43. Rxf5+ Kg7 44. Rxf4 Rh1+ 45. Kg4 Rxh4+ 46. Kf5 Rf8+ 47. Ke5 Rhxf4 48. Rc7+ Kg6 49. e7 R8f5+ 50. Ke6 Rf6+ 51. Kd7 Rd4+ 52. Kc8 Kf7 53. Bh5+ Rg6 54. Rd7 Ke8 55. Rb7 Rc4+ 56. Kb8 Rxb4 57. Rc7 Bg3 0-1

[Event "Bogota McGregor op 2nd"]
[Site "Bogota"]
[Date "2011.12.11"]
[Round "9"]
[White "Bejarano, Danny Andres"]
[Black "Aldana, Boris Eugenio"]
[Result "0-1"]
[WhiteElo "2002"]
[BlackElo "1578"]
[PlyCount "55"]
[EventDate "2011.12.06"]
[EventType "swiss"]
[EventRounds "10"]
[EventCountry "COL"]
[SourceTitle "CBM 145 Extra"]
[Source "ChessBase"]
[SourceDate "2012.01.03"]
[SourceVersion "1"]
[SourceVersionDate "2012.01.03"]
[SourceQuality "1"]

1. e4 c5 2. Nf3 Nc6 3. c3 Nf6 4. e5 Nd5 5. Bc4 e6 6. Bxd5 exd5 7. 0-0 Be7 8. d4 d6 9. Bf4 dxe5 10. Nxe5 cxd4 11. cxd4 0-0 12. Nc3 Be6 13. Re1 Qb6 14. Nxd5 Bxd5 15. Nxc6 Qxc6 16. Rxe7 Qf6 17. Re5 Bxg2 18. Qg4 Bh3 19. Qg3 Bf5 20. h4 Qg6 21. Rc1 Rac8 22. Rc3 f6 23. Re7 Rxc3 24. bxc3 Rf7 25. Re3 Bd7 26. Qxg6 hxg6 27. c4 b5 28. c5 0-1

[Event "Bogota McGregor op 2nd"]
[Site "Bogota"]
[Date "2011.12.08"]
[Round "6"]
[White "Aldana, Boris Eugenio"]
[Black "Motta Leon, Gerardo"]
[Result "0-1"]
[WhiteElo "1578"]
[BlackElo "2038"]
[PlyCount "112"]
[EventDate "2011.12.06"]
[EventType "swiss"]
[EventRounds "10"]
[EventCountry "COL"]
[SourceTitle "CBM 145 Extra"]
[Source "ChessBase"]
[SourceDate "2012.01.03"]
[SourceVersion "1"]
[SourceVersionDate "2012.01.03"]
[SourceQuality "1"]

1. d4 d5 2. Nf3 Nf6 3. e3 Bf5 4. Nbd2 h6 5. Bd3 Bxd3 6. cxd3 e6 7. 0-0 Be7 8. b3 0-0 9. Bb2 c6 10. Qe2 a5 11. a3 Qb6 12. Rfc1 Nbd7 13. Ne5 Nxe5 14. dxe5 Nd7 15. f4 Nc5 16. Bd4 Qb5 17. a4 Qxd3 18. Qd1 Nd7 19. Rc3 Qg6 20. Rc2 f6 21. exf6 gxf6 22. Nf3 Kh7 23. Rf2 Rg8 24. Nh4 Qg4 25. Qc2+ Kg7 26. Nf3 Kf7 27. e4 c5 28. Bb2 d4 29. f5 e5 30. Qc4+ Ke8 31. h3 Qg7 32. Qb5 Qf7 33. Nd2 b6 34. Nc4 Rg3 35. Nxb6 Ra7 36. Nc4 Ra8 37. Nxa5 Rxa5 38. Qxa5 Qxb3 39. Qa8+ Qb8 40. Qxb8+ Nxb8 41. Rc2 Kd7 42. Ra3 Rxa3 43. Bxa3 c4 44. Bxe7 d3 45. Rd2 Kxe7 46. Kf2 Nc6 47. Ke3 Kd6 48. Ra2 Na5 49. g4 Kc5 50. Rb2 Nb3 51. h4 Kb4 52. Ra2 Nc1 53. Rb2+ Kc3 54. Rb6 d2 55. Rd6 Nd3 56. Ke2 Kc2 0-1